| 000 | 00715nam a2200205Ia 4500 | ||
|---|---|---|---|
| 005 | 20260121110029.0 | ||
| 008 | 008 260114s9999 xx 000 0 hin d | ||
| 020 | _a9788132357377 | ||
| 037 | _aEBOOK | ||
| 040 |
_aCRL _bhin _cCRL |
||
| 041 |
_ahin _2hin |
||
| 084 | _qCRL | ||
| 100 |
_aलालजी यादव / Lalji Yadav _9941181 |
||
| 245 | 0 | _aसब्जियों एवं फलों के लिए हानिकारक कीट / Sabjiyon aur Phalon ke liye Haanikarak Keet | |
| 260 |
_bभाषा प्रकाशन / Bhasha Prakashan _c2021 |
||
| 856 | _uhttps://bhashaprakashan.com/product-details/378878 | ||
| 942 | _cEBOOK | ||
| 999 |
_c1532846 _d1532846 |
||